| 000 | 00862nam a22002177a 4500 | ||
|---|---|---|---|
| 999 |
_c4515 _d4515 |
||
| 003 | AR-CdUCM | ||
| 008 | 190308b ||||| |||| 00| 0 spa d | ||
| 040 |
_aMUNICIPALIDAD PROVINCIAL DEL CUSCO _cBIBLIOTECA MUNICIPAL DEL CUSCO |
||
| 082 |
_a796.943 / _b D64 |
||
| 245 |
_aEl deporte : _ben la república federal de Alemania / |
||
| 260 |
_aGermany : _bDruckhaus Roudolf, _c- |
||
| 300 |
_a75 páginas ; _bfotografías. _c19 cm. |
||
| 505 | _aEl deporte en la república federal de Alemania -- Autoadminsitración del deporte -- Promoción estatal del deporte -- La fundación de ayuda alemana al deporte... | ||
| 650 |
_aAlemania. _91327 |
||
| 650 |
_aDeporte. _912343 |
||
| 650 |
_aOrganizaciones deportivas. _914159 |
||
| 650 |
_aDesarrollo deportivo. _914160 |
||
| 700 |
_aMartinez Hernandez, Luis _914161 |
||
| 942 |
_2ddc _cLIBROS |
||
| 945 |
_awfj _d2019-03-08 |
||